| 000 | 00991 a2200193 4500 | ||
|---|---|---|---|
| 003 | Nust | ||
| 005 | 20221121091101.0 | ||
| 020 | _a8178085283 | ||
| 040 | _cNust | ||
| 082 | _a621.381,GRE | ||
| 100 |
_aD.C.Green _910667 |
||
| 245 |
_aDigital electronics / _cD.C.Green |
||
| 250 | _a5th Ed | ||
| 260 |
_aDelhi _bPearson Education _c2001 |
||
| 300 | _aix,398p | ||
| 505 | _aDigital signals and systems (Page-1), Binary and hexadecimal arithmetic (Page-18), Logic gates Page-44), Simplification of Boolean equations (Page-83), The Karnaugh map (Page-102), NAND and NOR logic(Page-126), Logic technologies (Page-143), MSI combinational logic circuits (Page-176), Latches and flip-flops (Page-202), Counters (Page-223), Shift registers (Page-251), Memories (Pgae-267), Programmable logic devices (Page-292), Visual displays (Page-311), Analogue-to-digital and digital-to-analogue converters (Page-328), Electronics Workbench (Page-346). | ||
| 650 | _aDigital electronics | ||
| 942 |
_2ddc _cBK |
||
| 999 |
_c190566 _d190566 |
||